00283pab a2200121 454500008004000000100001900040245003800059260000900097300001000106362001100116650001400127773002000141180718b1997 xxu||||| |||| 00| 0 eng d aPrasad, V.R.N. aEducation and the social contract c1997 ap.6-8 a12 May aEducation aUniversity News